| 000 | 00630nam a2200205 a 4500 | ||
|---|---|---|---|
| 005 | 20210223124946.0 | ||
| 008 | 030522s2002 mx r 000 0 spa d | ||
| 020 | _a8487118968 | ||
| 035 | _aUPN01000124513 | ||
| 049 | _aCG | ||
| 050 | 4 |
_aZ675 S3 _bC3.2 |
|
| 100 | 1 | _aCastán, Guillermo | |
| 245 | 1 | 4 |
_aLas bibliotecas escolares : _bsoñar, pensar, hacer / _cGuillermo Castán. |
| 260 |
_aBarcelona, Esp. : _bDíada, _c2002. |
||
| 300 | _a189 p. | ||
| 440 | 0 |
_aInvestigación y enseñanza _pFundamentos ; _v18 |
|
| 650 | 4 |
_aBIBLIOTECAS ESCOLARES - _zESPAÑA _92967 |
|
| 650 | 4 |
_aBIBLIOTECONOMIA - _zESPAÑA _93925 |
|
| 905 | _aLibro | ||
| 999 |
_c96692 _d96692 |
||